| 000 | 00609nam a2200193Ia 4500 | ||
|---|---|---|---|
| 003 | GCL | ||
| 008 | 140319s9999 xx 000 0 ara d | ||
| 040 |
_aGCL / _cGCL |
||
| 082 | 0 | 4 |
_a791.437 _bا ه |
| 100 | 1 | _aاحمد بهاءالدين | |
| 245 | 1 | 0 |
_aالهلال: السينما عالم رائع رائع رائع / _cاحمد بهاءالدين |
| 300 | _a178 ص | ||
| 490 |
_aالهيئة العامة للاستعلامات _v0 |
||
| 650 | 0 | 4 | _aالفنون |
| 650 | 0 | 4 | _aالسينما |
| 650 | 0 | 4 | _aالافلام المصرية |
| 650 | 0 | 4 | _aالسينما العالمية |
| 942 |
_2ddc _cBK |
||
| 999 |
_c51624 _d51624 |
||